Lighting in greenhouses : a guide to the practical design of installations.

Spremljeno u:
Bibliografski detalji
Autor kompanije: Electricity Council (Great Britain)
Format: Knjiga
Jezik:English
Izdano: London : Electricity Council, 1973.
Serija:Grow electric handbook ; no. 2
Teme:
LEADER 00962cam a2200253 a 4500
001 c000261117
003 CARM
005 20070523101518.0
008 830811s1973 enka 000 0 eng d
019 1 |a 2513055  |5 LACONCORD2021 
035 |a (OCoLC)46351113  |5 LACONCORD2021 
040 |a WU  |b eng  |c WU  |d ABN-SNR 
082 0 4 |a 631.544  |2 19 
245 0 0 |a Lighting in greenhouses :  |b a guide to the practical design of installations. 
260 |a London :  |b Electricity Council,  |c 1973. 
300 |a xi, 98 p. :  |b ill. ;  |c 21 cm. 
440 0 |a Grow electric handbook ;  |v no. 2 
650 0 |a Greenhouses  |x Lighting. 
650 0 |a Growth (Plants) 
650 0 |a Artificial light gardening. 
710 2 |a Electricity Council (Great Britain) 
852 8 |b CARM  |h A1:AP24G0  |i B07893  |p 0377738  |f BK 
999 f f |i 6ece2853-d3c6-52b5-94ae-bb496a3b8a02  |s 4a0bfb7d-0563-5b2c-a39c-71f6b38c32b6 
952 f f |p Can circulate  |a CAVAL  |b CAVAL  |c CAVAL  |d CARM 1 Store  |e B07893  |f A1:AP24G0  |h Other scheme  |i book  |m 0377738